Table Tennis Quiz #3 - Statistics

General Stats
  • This quiz has been taken 119 times
  • The average score is 6 of 10
Answer Stats
Hint Answer % Correct
If the ball hits the net before reaching the other side on a serve, does that serve count? No
93%
The two biggest organizations running table tennis World Table Tennis
80%
International Table Tennis Federation
77%
What three tournaments must you win to accomplish a Grand Slam? Olympics
66%
In which year did table tennis become an Olympic sport? 1988
53%
World Cup
52%
In which country did table tennis originate? England
51%
World Table Tennis Championships
43%
Which country was the first Men's Singles Olympic Gold Medalist from? South Korea
29%
What is the diameter of the table tennis ball? 40mm
26%
No matching quizzes found
Score Distribution
Percent of People with Each Score
Percentile by Number Answered
Your Score History
You have not taken this quiz